Head first servlets and JSP : passing the sun certified web component developer exam (Record no. 176665)
[ view plain ]
| 000 -LEADER | |
|---|---|
| fixed length control field | 00478nam a2200157Ia 4500 |
| 005 - DATE AND TIME OF LATEST TRANSACTION | |
| control field | 20241218172345.0 |
| 008 - FIXED-LENGTH DATA ELEMENTS--GENERAL INFORMATION | |
| fixed length control field | 231217s9999 xx 000 0 und d |
| 020 ## - INTERNATIONAL STANDARD BOOK NUMBER | |
| International Standard Book Number | 817366403X |
| 082 ## - DEWEY DECIMAL CLASSIFICATION NUMBER | |
| Classification number | 001.6424JSP BAS R |
| 100 ## - MAIN ENTRY--PERSONAL NAME | |
| Personal name | Basham, Bryan. Sierra, Kathy. Bates, Bert. |
| 245 #0 - TITLE STATEMENT | |
| Title | Head first servlets and JSP : passing the sun certified web component developer exam |
| 260 ## - PUBLICATION, DISTRIBUTION, ETC. (IMPRINT) | |
| Date of publication, distribution, etc. | 2004 |
| Name of publisher, distributor, etc. | Shroff |
| Place of publication, distribution, etc. | Mumbai |
| 300 ## - PHYSICAL DESCRIPTION | |
| Extent | xxxii+854 |
| 650 ## - SUBJECT ADDED ENTRY--TOPICAL TERM | |
| Topical term or geographic name as entry element | Head,servlets,JSP |
| 942 ## - ADDED ENTRY ELEMENTS (KOHA) | |
| Koha item type | Books |
| Date last seen | Total Checkouts | Full call number | Accession number | Old discount | Cost, replacement price | Price effective from | Category | Lost status | Damaged status | Department | Withdrawn status | bill no. | bill date | Permanent Location | Current Location | Shelving location | Entry date | Vendor | Cost, normal purchase price | Grants | Currency symbol | Conversion rate | Discount | Discount type | Checked out | Date checked out |
|---|---|---|---|---|---|---|---|---|---|---|---|---|---|---|---|---|---|---|---|---|---|---|---|---|---|---|
| 26/01/2024 | 001.6424JSP BAS R | 39281 | 10 | 540.00 | 26/01/2024 | Books | CS | 778757 | 09/09/2004 | Central Library | Central Library | CS | 08/12/2005 | Gangarams books bureu | 600.00 | CS | RS | 1 | 60 | Rupees | ||||||
| 26/01/2024 | 001.6424JSP BAS;1 R | 44736 | 25 | 450.00 | 26/01/2024 | Books | Central Library | 38594 | 11/09/2008 | Central Library | Central Library | Central Library | 28/04/2007 | Book Paradise | 600.00 | EC | RS | 1 | 150 | Rupees | ||||||
| 26/01/2024 | 001.6424JSP BAS;2 R1 | 44737 | 25 | 450.00 | 26/01/2024 | Books | Central Library | 38594 | 11/09/2008 | Central Library | Central Library | Central Library | 28/04/2007 | Book Paradise | 600.00 | EC | RS | 1 | 150 | Rupees | ||||||
| 26/01/2024 | 001.6424JSP BAS;3 | 44738 | 25 | 450.00 | 26/01/2024 | Books | Central Library | 38594 | 11/09/2008 | Central Library | Central Library | Central Library | 28/04/2007 | Book Paradise | 600.00 | EC | RS | 1 | 150 | Rupees | ||||||
| 01/04/2024 | 1 | 001.6424JSP BAS;4 | 44739 | 25 | 450.00 | 26/01/2024 | Books | Central Library | 38594 | 11/09/2008 | Central Library | Central Library | Central Library | 28/04/2007 | Book Paradise | 600.00 | EC | RS | 1 | 150 | Rupees | 14/08/2007 | 01/04/2024 | |||
| 01/04/2024 | 1 | 001.6424JSP BAS;5 | 44740 | 25 | 450.00 | 26/01/2024 | Books | Central Library | 38594 | 11/09/2008 | Central Library | Central Library | Central Library | 28/04/2007 | Book Paradise | 600.00 | EC | RS | 1 | 150 | Rupees | 11/10/2007 | 01/04/2024 | |||
| 26/01/2024 | 001.6424JSP BAS;6 | 44741 | 25 | 450.00 | 26/01/2024 | Books | Central Library | 38594 | 11/09/2008 | Central Library | Central Library | Central Library | 28/04/2007 | Book Paradise | 600.00 | EC | RS | 1 | 150 | Rupees | ||||||
| 26/01/2024 | 001.6424JSP BAS;7 | 44742 | 25 | 450.00 | 26/01/2024 | Books | Central Library | 38594 | 11/09/2008 | Central Library | Central Library | Central Library | 28/04/2007 | Book Paradise | 600.00 | EC | RS | 1 | 150 | Rupees | ||||||
| 26/01/2024 | 001.6424JSP BAS;8 | 44743 | 25 | 450.00 | 26/01/2024 | Books | Central Library | 38594 | 11/09/2008 | Central Library | Central Library | Central Library | 28/04/2007 | Book Paradise | 600.00 | EC | RS | 1 | 150 | Rupees | ||||||
| 01/04/2024 | 1 | 001.6424JSP BAS;9 | 44744 | 25 | 450.00 | 26/01/2024 | Books | Central Library | 38594 | 11/09/2008 | Central Library | Central Library | Central Library | 28/04/2007 | Book Paradise | 600.00 | EC | RS | 1 | 150 | Rupees | 27/11/2009 | 01/04/2024 | |||
| 26/01/2024 | 001.6424JSP BAS;10 | 44745 | 25 | 450.00 | 26/01/2024 | Books | Central Library | 38594 | 11/09/2008 | Central Library | Central Library | Central Library | 28/04/2007 | Book Paradise | 600.00 | EC | RS | 1 | 150 | Rupees |
